Costa Rica contemporánea. Capítulo 9

Պահպանված է:
Մատենագիտական մանրամասներ
Հիմնական հեղինակ: Zelaya Goodman, Chester
Ձևաչափ: Տեքստ
Հրապարակվել է: San José: Editorial Costa Rica
Ցուցիչներ: Ավելացրեք ցուցիչ
Չկան պիտակներ, Եղեք առաջինը, ով նշում է այս գրառումը!

MARC

LEADER 00000 a a2200000 04500
001 25945
003
040
090 |a 174409  
100 |a Zelaya Goodman, Chester  
245 |a Costa Rica contemporánea. Capítulo 9  
260 |a San José:   |b Editorial Costa Rica  
300 |a 313 p  
999 |c 17234  |d 17234